Statistics for Hypernym Words

Click here to take the quiz!

General Stats

  • This quiz has been taken 73 times
  • The average score is 14 of 15

Answer Stats

HyponymsHypernym% Correct
Apple, Banana, OrangeFruit
100%
Dollar, Euro, PoundCurrency
98%
Potato, Celery, LettuceVegetable
98%
Water, Milk, CoffeeBeverage
97%
Red, Blue, GreenColor
97%
Ice Cream, Cake, CookieDessert
97%
Pelican, Cardinal, PeacockBird
95%
Italy, Algeria, South KoreaCountry
95%
Christianity, Islam, JudaismReligion
94%
Oak, Acacia, BirchTree
94%
Car, Truck, BoatVehicle
94%
Dachshund, Poodle, CollieDog
92%
Fettucini, Penne, LinguiniPasta
92%
Diamond, Ruby, EmeraldGemstone
91%
Fork, Knife, SpoonUtensil
91%

Score Distribution

Percentile by Number Answered

Percent of People with Each Score

Your Score History

You have not taken this quiz